[Event "HUN-chT2 Toth 1819"]
[Site "Hungary"]
[Date "2018.10.28"]
[Round "3.12"]
[White "Kovacs, Lilla"]
[Black "Bakos, Adam Tamas"]
[Result "1/2-1/2"]
[WhiteElo "1579"]
[BlackElo "1336"]
[PlyCount "47"]
[EventDate "2018.09.23"]
[EventType "team-tourn"]
[EventRounds "11"]
[EventCountry "HUN"]
[SourceTitle "EXT 2021"]
[Source "ChessBase"]
[SourceDate "2020.10.23"]
[SourceVersion "1"]
[SourceVersionDate "2020.10.23"]
[SourceQuality "1"]
[WhiteTeam "Ujszasz"]
[BlackTeam "Kecskemet Toth Laszlo II"]
[WhiteTeamCountry "HUN"]
[BlackTeamCountry "HUN"]

1. d4 d5 2. c4 e6 3. Nc3 Nf6 4. Nf3 Be7 5. Bf4 0-0 6. e3 b6 7. Be2 dxc4 8. Bxc4 Bb7 9. 0-0 c5 10. dxc5 Bxc5 11. Qxd8 Rxd8 12. Rfd1 Rxd1+ 13. Rxd1 Nc6 14. a3 a5 15. Na4 Rc8 16. Ng5 e5 17. Nxc5 bxc5 18. Nxf7 exf4 19. Nd6+ Kf8 20. Nxc8 Bxc8 21. exf4 Nd4 22. Re1 Bb7 23. Re5 Nd7 24. Rh5 1/2-1/2